Music Quiz

Random Music or Song Quiz

Follow That Lyric: Led Zeppelin Quiz Stats

 Plays Quiz Updated Jan 21, 2018

Challenge
Share
Tweet
Embed
Score 0/20 Timer 06:00
0 Plays Today
% Correct
And she's buying a stairway to heaven.
92.3%
Gon' make you sweat, gon' make you groove.
91.7%
But Gollum and the evil one crept up and slipped away with her.
87.5%
From the midnight sun where the hot springs flow.
87.4%
It's been a long time since I did the Stroll.
86.1%
There's still time to change the road you're on.
85.5%
Wanted a woman, never bargained for you.
78.6%
Now I've reached that age.
76.3%
Honolulu starbright, the song remains the same.
75.8%
There will still be you and me.
75%
% Correct
I am a traveler of both time and space, to be where I have been.
74.1%
Like a star that can't wait for the night.
72.9%
Many times I've gazed along the open road.
72.8%
Got what it takes to make a mountain man leave his home.
66.5%
When your conscience hits, you knock it back with pills.
63.6%
The ring wraiths ride in black.
61.4%
And it seems pretty soon everybody's gonna know.
60.2%
All them good times, baby, baby.
59.1%
Hey, babe, I wanna tell you that I love you so.
58.7%
Then what's to stop us, pretty baby.
53.8%

You're not logged in!

Compare scores with friends on all Sporcle quizzes.
OR
Log In

You Might Also Like...

Show Comments

Extras

Top Quizzes Today


Score Distribution

Your Account Isn't Verified!

In order to create a playlist on Sporcle, you need to verify the email address you used during registration. Go to your Sporcle Settings to finish the process.

Report this User

Report this user for behavior that violates our Community Guidelines.

Details: